| 000 | 00425nam a2200193Ia 4500 | ||
|---|---|---|---|
| 005 | 20240823013904.0 | ||
| 008 | 240823s9999||||xx |||||||||||||| ||und|| | ||
| 020 | _a0-07-058897-X | ||
| 041 | _aENGLISH | ||
| 082 | _A510 P4 | ||
| 100 | _a"Don,Eugene" | ||
| 245 | 0 | _aMathematics | |
| 250 | _a1st | ||
| 260 |
_c2004 _bTMH New D |
||
| 500 | _aYES | ||
| 650 |
_aMathematics _bMathematics |
||
| 942 | _cBK | ||
| 999 |
_c168518 _d168518 |
||